La negociación colectiva comunitaria (Registro nro. 21974)

Detalles MARC
000 -LEADER
fixed length control field 00362 a2200109 4500
001 - CONTROL NUMBER
control field ART_13058
005 - DATE AND TIME OF LATEST TRANSACTION
control field 20260410161817.0
008 - FIXED-LENGTH DATA ELEMENTS--GENERAL INFORMATION
fixed length control field 260409a
100 1# - MAIN ENTRY--PERSONAL NAME
Personal name Sala Franco, Tomás
245 10 - TITLE STATEMENT
Title La negociación colectiva comunitaria
773 0# - HOST ITEM ENTRY
Title Revista Juridica de Buenos Aires
Related parts Presente y futuro del derecho del trabajo (ene. 2009)
Record control number REV4315

No hay ítems disponibles.